BSOP header

The Zimmerman telegram / (Record no. 49831)

MARC details
000 -LEADER
fixed length control field 00449nam a22001457a 4500
008 - FIXED-LENGTH DATA ELEMENTS--GENERAL INFORMATION
fixed length control field 210618b ||||| |||| 00| 0 eng d
024 ## - OTHER STANDARD IDENTIFIER
Source of number or code oclc
Standard number or code 1154355795
100 ## - MAIN ENTRY--PERSONAL NAME
Personal name Tuchman, Barbara Wertheim
245 ## - TITLE STATEMENT
Title The Zimmerman telegram /
Statement of responsibility, etc Barbara Wertheim Tuchman
260 ## - PUBLICATION, DISTRIBUTION, ETC. (IMPRINT)
Place of publication, distribution, etc New York :
Name of publisher, distributor, etc Bantam Books,
Date of publication, distribution, etc 1971.
300 ## - PHYSICAL DESCRIPTION
Extent xii, 243 p. ;
Dimensions 18 cm.
650 ## - SUBJECT ADDED ENTRY--TOPICAL TERM
Topical term or geographic name as entry element World War, 1914-1918 --
General subdivision Causes.
650 ## - SUBJECT ADDED ENTRY--TOPICAL TERM
Topical term or geographic name as entry element War --
General subdivision Causes.
942 ## - ADDED ENTRY ELEMENTS (KOHA)
Source of classification or shelving scheme Library of Congress Classification
Item type Books
Holdings
Withdrawn status Lost status Source of classification or shelving scheme Damaged status Not for loan Home library Current library Shelving location Date acquired Source of acquisition Inventory number Total Checkouts Full call number Barcode Date last seen Price effective from Koha item type
    Library of Congress Classification     BSOP Library BSOP Library GC 06/18/2021 Donation by Drs. George and Anne Harper 46459   D511 T79 1971 00057488 06/18/2021 06/18/2021 Books
BSOP

Biblical Seminary of the Philippines
  All rights Reserved
  © 2024

CONTACT INFORMATION

Biblical Seminary of the Philippines,
  77-B Karuhatan Road, Valenzuela City,
  PHILIPPINES 1441
  Phone: +632 8292-6795 / 8292-6798
  Fax : +632 8292-6675
  Email: library@bsop.edu.ph